00571nam a22001337a 450000500170000000800410001704100080005804400070006608200190007324502010009226000880029330000180038165000380039920140708135811.0140708b2007 ck ||||| |||| 00| 0 spa d aspa ack04a333.9516bC99c00aConstrucción colectiva del sistema departamental de Áreas Protegidas en el Valle del Cauca (SIDAP) : bparticipación social e institucional en la conservación de ecosistemas estratégicos aSantiago de CalibCorporación Autónoma Regional del Valle del Cauca - CVCc2007 a60 p.c28 cm. aAreas protegidaszValle del Cauca